From Paris to Sèvres : (Record no. 197413)
[ view plain ]
| 000 -LEADER | |
|---|---|
| fixed length control field | 00822cam a2200241 4500 |
| 001 - CONTROL NUMBER | |
| control field | 000531619 |
| 003 - CONTROL NUMBER IDENTIFIER | |
| control field | AM-YeHGA |
| 005 - DATE AND TIME OF LATEST TRANSACTION | |
| control field | 20250617135307.0 |
| 008 - FIXED-LENGTH DATA ELEMENTS--GENERAL INFORMATION | |
| fixed length control field | 730727s1974 ohub|||||b|||s001|0|eng|d |
| 020 ## - INTERNATIONAL STANDARD BOOK NUMBER | |
| International Standard Book Number | 0814201709 |
| 040 ## - CATALOGING SOURCE | |
| Original cataloging agency | AM-YeHGA |
| 041 0# - LANGUAGE CODE | |
| Language code of text/sound track or separate title | eng |
| 043 ## - GEOGRAPHIC AREA CODE | |
| Geographic area code | a-tu--- |
| 090 ## - LOCALLY ASSIGNED LC-TYPE CALL NUMBER (OCLC); LOCAL CALL NUMBER (RLIN) | |
| -- | 198892 |
| 100 1# - MAIN ENTRY--PERSONAL NAME | |
| Personal name | Helmreich, Paul C. |
| 245 10 - TITLE STATEMENT | |
| Title | From Paris to Sèvres : |
| Remainder of title | the partition of the Ottoman Empire at the Peace Conference of 1919-1920 / |
| Statement of responsibility, etc. | Paul C. Helmreich. |
| 260 ## - PUBLICATION, DISTRIBUTION, ETC. | |
| Place of publication, distribution, etc. | Columbus : |
| Name of publisher, distributor, etc. | Ohio State University Press, |
| Date of publication, distribution, etc. | [1974]. |
| 300 ## - PHYSICAL DESCRIPTION | |
| Extent | xiii, 376 p. : |
| Other physical details | maps. ; |
| Dimensions | 23 cm. |
| 500 ## - GENERAL NOTE | |
| General note | Includes index |
| 504 ## - BIBLIOGRAPHY, ETC. NOTE | |
| Bibliography, etc. note | Bibliogr.: p. [349]-368. |
| 611 20 - SUBJECT ADDED ENTRY--MEETING NAME | |
| Meeting name or jurisdiction name as entry element | Paris Peace Conference |
| Date of meeting or treaty signing | (1919-1920). |
| Subordinate unit | Turkey. |
| 650 #0 - SUBJECT ADDED ENTRY--TOPICAL TERM | |
| Topical term or geographic name entry element | Համաշխարհային պատերազմ, 1914-1918 |
| General subdivision | Territorial questions |
| Geographic subdivision | Turkey |
| Withdrawn status | Lost status | Damaged status | Not for loan | Collection | Home library | Current library | Date acquired | Total checkouts | Full call number | Barcode | Date last seen | Price effective from | Koha item type | Public note |
|---|---|---|---|---|---|---|---|---|---|---|---|---|---|---|
| Gulbenkian Individual Collection | Fundamental Scientific Library | Fundamental Scientific Library | 28/12/2016 | Gulb/4389 | 901004389 | 28/12/2016 | 28/12/2016 | Գրքեր / Books | ILL Non-Circ. |
ՀՀ Գիտությունների ազգային ակադեմիայի հիմնարար գիտական գրադարան = Fundamental Scientific Library of NAS RA
All site content, except where otherwise noted, is licensed under a